LIBRARY & INFORMATION CENTRE, KCAET, TAVANUR

ONLINE PUBLIC ACCESS CATALOGUE (OPAC)

Applied Biophysics of Activated Water:The Physical Properties, Biological Effects and Medical Applications of MRET Activated Water (Record no. 14440)

MARC details
000 -LEADER
fixed length control field 00481nam a22001457a 4500
020 ## - INTERNATIONAL STANDARD BOOK NUMBER
ISBN 9789814271189
082 ## - DEWEY DECIMAL CLASSIFICATION NUMBER
Classification number 530.
Item number VYS/AP
100 ## - MAIN ENTRY--AUTHOR NAME
Personal name Vysotskii,Vladimir I,
100 ## - MAIN ENTRY--AUTHOR NAME
Personal name Kornilova,Alla A.
100 ## - MAIN ENTRY--AUTHOR NAME
Personal name Smirnov, World Sciientific
245 ## - TITLE STATEMENT
Title Applied Biophysics of Activated Water:The Physical Properties, Biological Effects and Medical Applications of MRET Activated Water
260 ## - PUBLICATION, DISTRIBUTION, ETC. (IMPRINT)
Place of publication New Jersey
Name of publisher World Scientific
Year of publication 2009
300 ## - PHYSICAL DESCRIPTION
Number of Pages 317
942 ## - ADDED ENTRY ELEMENTS (KOHA)
Koha item type Books
Holdings
Withdrawn status Lost status Damaged status Collection code Home library Current library Shelving location Date acquired Source of acquisition Cost, normal purchase price Full call number Accession Number Koha item type
        KAUAET KAUAET Reference 01/07/2016 Ajith Book Stall, Kochin 6123.60 530. VYS/AP 23812 Books
free website counter